Central Library OPAC University of Rajshahi

The new right : (Record no. 57849)

MARC details
000 -LEADER
fixed length control field 00734nam a2200253 a 4500
001 - CONTROL NUMBER
control field 57849
003 - CONTROL NUMBER IDENTIFIER
rucl marc code BD-RjUL
005 - DATE AND TIME OF LATEST TRANSACTION
control field 20211209080547.0
008 - FIXED-LENGTH DATA ELEMENTS--GENERAL INFORMATION
fixed length control field 161212s1987 ilu b 001 0 eng d
020 ## - INTERNATIONAL STANDARD BOOK NUMBER
International Standard Book Number 025606170X
International Standard Book Number 0256061718 (pbk.)
035 ## - SYSTEM CONTROL NUMBER
System control number (BD-RjUL)57973
040 ## - CATALOGING SOURCE
Original cataloging agency ICN
Transcribing agency ICN
Modifying agency IPL
-- WAU
-- BD-RjUL
Language of cataloging eng
041 ## - LANGUAGE CODE
Language code of text/sound track or separate title eng
082 ## - DEWEY DECIMAL CLASSIFICATION NUMBER
Edition number 23
Classification number 320.52
Author mark and year KIN 1987
100 1# - MAIN ENTRY--PERSONAL NAME
Personal name King, Desmond S.
9 (RLIN) 171829
245 14 - TITLE STATEMENT
Title The new right :
Remainder of title politics, markets and citizenship /
Statement of responsibility, etc. Desmond S. King.
260 ## - PUBLICATION, DISTRIBUTION, ETC. (IMPRINT)
Place of publication, distribution, etc. Chicago, Ill :
Name of publisher, distributor, etc. Dorsey Press,
Date of publication, distribution, etc. c1987.
300 ## - PHYSICAL DESCRIPTION
Pagination x, 220 p. ;
Size 23 cm
504 ## - BIBLIOGRAPHY, ETC. NOTE
Bibliography, etc Include bibliography and insex.
650 #0 - SUBJECT ADDED ENTRY--TOPICAL TERM
Topical term or geographic name as entry element Conservatism
9 (RLIN) 171830
Topical term or geographic name as entry element Liberalism
9 (RLIN) 171831
942 ## - ADDED ENTRY ELEMENTS (KOHA)
Source of classification or shelving scheme Dewey Decimal Classification
Koha item type Books
Holdings
Lost status Source of classification or shelving scheme Damaged status Not for loan Collection code Permanent Location Current Location Shelving location Date acquired Total Checkouts Full call number Date last seen Copy number Koha item type
  Dewey Decimal Classification   Not For Loan Non-fiction Central Library, University of Rajshahi Central Library, University of Rajshahi Reading Room 02/06/1992   320.52 KIN 1987 12/12/2016 C-1 Books